00302nam a2200121Ia 45000030006000000080041000060400015000471000026000622450037000882600026001255460012001510050017001630STCL150530s9999 xx 000 0 und d aSTCLcSTCL aAlan; Palmer Veronica aWhos who is Shakespeares England bHarvester pressc1981 aEnglish20220125170956.0